|
|
|
|
| LEADER |
01314nam a2200289 a 4500 |
| 001 |
4049160 |
| 008 |
101212s2000 maua b 001 0 eng d |
| 010 |
|
|
|a 99030620
|
| 020 |
|
|
|a 9814053309
|
| 020 |
|
|
|a 0805317554
|
| 040 |
|
|
|a DLC
|c DLC
|d DLC
|d BD-DhAAL
|
| 082 |
0 |
0 |
|a 005.74
|2 21
|
| 100 |
1 |
|
|a Elmasri, Ramez.
|
| 245 |
1 |
0 |
|a Fundamentals of database systems /
|c Ramez Elmasri, Shamkant B. Navathe.
|
| 250 |
|
|
|a 3rd ed.
|
| 260 |
|
|
|a Reading, Mass. ;
|a Delhi :
|b Addison-Wesley,
|c c2000 [reprinted].
|
| 300 |
|
|
|a 1 v. (various pagings) :
|b ill. ;
|c 25 cm.
|
| 504 |
|
|
|a Includes bibliographical references and index.
|
| 541 |
1 |
|
|e 00010576
|
| 650 |
|
0 |
|a Database management.
|
| 700 |
1 |
|
|a Navathe, Sham.
|
| 852 |
4 |
|
|a Ayesha Abed Library
|j General Shelf.
|
| 942 |
0 |
0 |
|0 2
|
| 999 |
|
|
|c 10234
|d 10234
|
| 952 |
|
|
|0 0
|1 0
|2 ddc
|4 0
|6 005_740000000000000_ELM
|7 0
|9 13662
|a BRACUL
|b BRACUL
|c GEN
|d 2010-12-19
|l 8
|m 95
|o 005.74 ELM
|p 3010010576
|r 2024-09-01
|s 2024-05-30
|t 1
|w 2010-12-19
|y BK
|
| 952 |
|
|
|0 0
|1 0
|2 ddc
|4 0
|6 005_740000000000000_ELM
|7 0
|9 16007
|a BRACUL
|b BRACUL
|c GEN
|d 2011-04-07
|l 16
|m 158
|o 005.74 ELM
|p 3010010300
|q 2026-01-29
|r 2025-07-14
|s 2025-07-14
|t 2
|w 2011-04-07
|y BK
|
| 952 |
|
|
|0 0
|1 0
|2 ddc
|4 0
|6 005_740000000000000_ELM
|7 0
|9 16008
|a BRACUL
|b BRACUL
|c GEN
|d 2011-04-07
|l 10
|m 122
|o 005.74 ELM
|p 3010010577
|r 2024-09-26
|s 2024-05-30
|t 3
|w 2011-04-07
|y BK
|